Realms of Middle Earth in the 1st Age - Statistics

General Stats
  • This quiz has been taken 22 times
  • The average score is 8 of 23
Answer Stats
Inhabitants Answer % Correct
Elves Gondolin
85%
Elves Doriath
75%
Orcs Dor-na-Daerachas
70%
Elves Nargothrond
70%
Dwarves Kazahd Dum
50%
Orcs Utumno
50%
Dwarves Belegost
45%
Elves Hithlum
40%
Dwarves Nogrod
40%
Elves Ossiriand
40%
Elves Tol Sirion
35%
Men Dor-Lomin
30%
Men Brethil
25%
Elves March of Maedhros
25%
Elves Nevrast
25%
Elves Dorthonion
20%
Elves Havens of the Fallas
20%
Men Ladros
20%
Elves Mithrim
20%
Elves Maglor's Gap
15%
Elves Thargelion
15%
Men Easterlings
0%
Men Estoland
0%
No matching quizzes found
Score Distribution
Percent of People with Each Score
Percentile by Number Answered
Your Score History
You have not taken this quiz